000 00450nam a2200193 i 4500
001 bg
100 1 _aCHESS, David M.
245 0 _aProgramming in IBM PC DOS Pascal /
_cDavid M. Chess.
260 _aLondon :
_bPrentice-Hall,
_c1985.
650 9 _aPascal
650 9 _aDOS
020 _a0137302924
040 _cBPK
041 _apol
080 _a004
920 _a0-13-730292-4
942 _cKS
008 s pl f |000 0 pol
999 _c23795
_d23795
856 _uhttp://koha.tu.koszalin.pl/cgi-bin/koha/opac-detail.pl?biblionumber=23795
_yKatalog online BPK